| 000 | 01423cam a2200337 a 4500 | ||
|---|---|---|---|
| 999 |
_c5300 _d5300 |
||
| 001 | 16202724 | ||
| 003 | OSt | ||
| 005 | 20230221172109.0 | ||
| 008 | 100422s2010 ctua b 001 0 eng | ||
| 010 | _a 2010017389 | ||
| 020 | _a9781607950318 | ||
| 020 | _a1550091646 | ||
| 040 | _cDNLM | ||
| 042 | _apcc | ||
| 050 | 0 | 0 |
_aQM471 _b.W55 2010 |
| 060 | 1 | 0 |
_aWL 330 _bC8913 2010 |
| 082 | 0 | 0 | _aWL330 675g 2002 |
| 100 |
_aLinda ,Wilson;[et....al] _911133 |
||
| 245 | 0 | 0 |
_aCranial Nerves: _bin health and disease. |
| 250 | _a2nd ed. | ||
| 260 |
_aLondon; _bBC Decker Inc. _c2002. |
||
| 300 |
_ax, 245 p. : _bcol. ill. ; _c27 cm. |
||
| 500 | _aRev. ed. of: Cranial nerves in health and disease / Linda Wilson-Pauwels ... [et al.]. 2nd ed. 2002. | ||
| 504 | _aIncludes bibliographical references and index. | ||
| 505 | 0 | _aOlfactory nerve -- Optic nerve -- Oculomotor nerve -- Trochlear nerve -- Trigeminal nerve -- Abducens nerve -- Facial nerve -- Vestibulocochlear nerve -- Glossopharyngeal nerve -- Vagus nerve -- Accessory nerve -- Hypoglossal nerve -- Coordinated eye movements and clinical testing of the somatic motor components of cranial nerves III, IV, and VI. | |
| 650 | 1 | 2 |
_aCranial Nerves _9391 |
| 730 | 0 |
_aCranial nerves in health and disease. _9393 |
|
| 906 |
_a7 _bcbc _corignew _d1 _eecip _f20 _gy-gencatlg |
||
| 942 |
_2z _cO_SHELF |
||